| 000 | 01800nam a22003257a 4500 | ||
|---|---|---|---|
| 001 | B-264993-998 | ||
| 003 | dpl | ||
| 005 | 20080530143524.0 | ||
| 008 | 080530t xxu||||| |||| 00| 0 eng d | ||
| 010 | _aB-264993-998 | ||
| 020 |
_a044808936X _c135.00 |
||
| 035 | _aB-264993-998 | ||
| 040 |
_aDPL _bEnglish |
||
| 082 | _aS | ||
| 100 | _aDixon, Franklin W. | ||
| 245 |
_aThe secret of pirates' hill / _cby Franklin W. Dixon |
||
| 260 |
_aNew York _bGrosset & Dunlap _c2003(repr.). |
||
| 270 | _bNew York | ||
| 300 |
_a180p.: _bill. _c18 cm (Hb) |
||
| 490 | _aThe Hardy Boys mystery stories; 36 | ||
| 942 |
_2ddc _cCH _hS _mDIX |
||
| 999 |
_c13147 _d13147 |
||